| 000 | 00757nam a2200253Ia 4500 | ||
|---|---|---|---|
| 003 | OSt | ||
| 005 | 20221005035401.0 | ||
| 006 | a|||||r|||| 00| 0 | ||
| 007 | ta | ||
| 008 | 221004b |||||||| |||| 00| 0 eng d | ||
| 020 |
_a9788178359298 (hbk) _c950 |
||
| 024 | _a6064 | ||
| 037 |
_b243, 14/08/2013, Om Book Distributots _cTextual |
||
| 040 |
_aCRL _cCRL _beng |
||
| 041 |
_2eng _aeng |
||
| 082 | _aV44Q7.P1, Q3 | ||
| 100 | _aJoshi P. C. | ||
| 245 | 0 |
_aPakistan _b A mullah - military enterprise unlimited |
|
| 260 |
_aDelhi _bKalpaz Publications India _c2013 |
||
| 300 |
_a375p. _ccm. |
||
| 650 | _aHISTORY | ||
| 942 |
_hV44Q7.P1, Q3 _cTEXL _2cc |
||
| 999 |
_c945057 _d945057 |
||